Upravlenije techniko-ekonomičeskim razvitijem promyšlennogo predprijatija
Na minha lista:
| Formato: | Livro |
|---|---|
| Idioma: | russo |
| Publicado em: |
Kijev
Technika
1987
|
| Edição: | 1. izd. |
| Tags: |
Sem tags, seja o primeiro a adicionar uma tag!
|
MARC
| LEADER | 00000nam a2200000 4500 | ||
|---|---|---|---|
| 001 | c033809 | ||
| 005 | 20260202081142.2 | ||
| 041 | 0 | |a rus | |
| 044 | |a UA | ||
| 245 | 1 | 0 | |a Upravlenije techniko-ekonomičeskim razvitijem promyšlennogo predprijatija |c Valentina Petrovna Aleksandrova, Tat'jana Pavlovna Zagorskaja, Petr Fedorovič Kotjajev |
| 250 | |a 1. izd. | ||
| 264 | 1 | |a Kijev |b Technika |c 1987 | |
| 300 | |a 140 s. | ||